International code of nomenclature of bacteria and viruses (Record no. 114513)
[ view plain ]
| 000 -LEADER | |
|---|---|
| fixed length control field | 01147nam a2200217 4500 |
| 008 - FIXED-LENGTH DATA ELEMENTS--GENERAL INFORMATION | |
| fixed length control field | |
| 049 ## - LOCAL HOLDINGS (OCLC) | |
| Holding library | MAIN |
| 090 ## - LOCALLY ASSIGNED LC-TYPE CALL NUMBER (OCLC); LOCAL CALL NUMBER (RLIN) | |
| Classification number (OCLC) (R) ; Classification number, CALL (RLIN) (NR) | QR81 INT |
| 003 - CONTROL NUMBER IDENTIFIER | |
| control field | |
| 005 - DATE AND TIME OF LATEST TRANSACTION | |
| control field | 20230120203943.0 |
| 040 ## - CATALOGING SOURCE | |
| Transcribing agency | NUST |
| 110 2# - MAIN ENTRY--CORPORATE NAME | |
| Corporate name or jurisdiction name as entry element | International Committee on Bacteriological Nomenclature. |
| 245 10 - TITLE STATEMENT | |
| Title | International code of nomenclature of bacteria and viruses |
| Remainder of title | bacteriological code, publication date: June, 1958 |
| Statement of responsibility, etc. | Edited by the Editorial Board of the International Committee on Bacteriological Nomenclature. Approved by the Judicial Commission of the International Committee on Bacteriological Nomenclature, the International Committee on Bacteriological Nomenclature, the International Association of Microbiological Societies [and] the plenary session of the VI International Congress of Microbiology, Rome, Italy, September, 1953. |
| 260 ## - PUBLICATION, DISTRIBUTION, ETC. | |
| Place of publication, distribution, etc. | Ames, |
| Name of publisher, distributor, etc. | Iowa State College Press |
| Date of publication, distribution, etc. | [1958] |
| 300 ## - PHYSICAL DESCRIPTION | |
| Extent | xxii, 186 p |
| Dimensions | 24 cm. |
| 504 ## - BIBLIOGRAPHY, ETC. NOTE | |
| Bibliography, etc. note | Includes bibliographical references. |
| 650 #0 - SUBJECT ADDED ENTRY--TOPICAL TERM | |
| Topical term or geographic name entry element | Bacteria |
| General subdivision | Nomenclature. |
| 650 #0 - SUBJECT ADDED ENTRY--TOPICAL TERM | |
| Topical term or geographic name entry element | Viruses |
| General subdivision | Nomenclature. |
| 907 ## - LOCAL DATA ELEMENT G, LDG (RLIN) | |
| a | .b1023293x |
| b | 19-02-07 |
| c | 19-02-07 |
| 942 ## - ADDED ENTRY ELEMENTS (KOHA) | |
| Koha item type | Ordinary Loan Books |
| Call number prefix | QR81 INT |
| Date last seen | Total Checkouts | Full call number | Barcode | Cost, replacement price | Price effective from | Koha item type | Lost status | Source of classification or shelving scheme | Damaged status | Not for loan | Collection | Withdrawn status | Home library | Current library | Shelving location | Date acquired | Cost, normal purchase price |
|---|---|---|---|---|---|---|---|---|---|---|---|---|---|---|---|---|---|
| 01/20/2023 | QR81 INT | 92003015022 | 80.00 | 01/20/2023 | BOOKS | LCC | NFIC | Medical | Medical | GEN | 01/20/2023 | 80.00 |